Ayuh! sahut cabaran

Bibliographic Details
Main Author: Robiah Kulop Hamzah
Other Authors: Wardah Mokhtar
Format: Book
Published: Pahang : PTS Millennia , 2006
Series:Siri bina diri
Subjects:

MARC

LEADER 00000cam a2200000 7i4500
001 0000011892
005 20160330.0
008 071120
020 |a 9833603157 
090 0 0 |a 305.235   |b ROB 
100 0 |a Robiah Kulop Hamzah 
245 1 0 |a Ayuh! sahut cabaran   |c Robiah Kulop Hamzah, Fythullah Hamzah 
260 |a Pahang :   |b PTS Millennia ,   |c 2006 
440 |a Siri bina diri 
500 |a Teenager ages 13-18 years old (blue) 
650 0 |a Malay fiction 
650 0 |a Teenagera   |x Attitudes 
650 0 |a Youth development 
650 0 |a Youth   |x Conduct of life 
700 0 |a Wardah Mokhtar 
999 |a 0000921838   |b Book   |c Adult Collection   |e Cawangan Bukit Gambir 
999 |a 0000921839   |b Book   |c Adult Collection   |e Cawangan Bukit Gambir 
999 |a 0000932855   |b Book   |c Adult Collection   |e Cawangan Tangkak 
999 |a 0001004100   |b Book   |c Teenagers   |e Perbadanan Perpustakaan Awam Johor 
999 |a 0001004101   |b Book   |c Teenagers   |e Perbadanan Perpustakaan Awam Johor 
999 |a 0001004102   |b Book   |c Teenagers   |e Perbadanan Perpustakaan Awam Johor 
999 |a 0001004103   |b Book   |c Teenagers   |e Perbadanan Perpustakaan Awam Johor 
999 |a 0001004104   |b Book   |c Teenagers   |e Perbadanan Perpustakaan Awam Johor